000 00634nam a2200193Ia 4500
003 OSt
005 20230531114714.0
008 210423s2014 xx 000 0 und d
040 _cAL
041 _aeng
082 _a362.83 GAFB
100 _aGAFFAR (Shabastian);PADALATH (Junais)
_9117811
245 _aBeneficiary-oriented central government schemes for the empowerment of women in India
260 _aNew Delhi
_bAICWETE
_c2014
300 _a246
_bPB
650 _aSocial Welfare Problems & Services
_9117812
906 _aBeneficiary-oriented ; central ; empowerment ; government ; India ; schemes ; women
942 _2ddc
_cBK
999 _c176409
_d176409